Paradoxes in Probability Theory and Mathematical Statistics

Gespeichert in:
Bibliographische Detailangaben
1. Verfasser: Székely, Gábor J.
Weitere Verfasser: Alpár, Márta, Unger, Éva
Format: Buch
Sprache:Englisch
Veröffentlicht: Budapest Akadémiai Kiadó 1986
Ausgabe:1. ed.
Tags: Tag hinzufügen
Keine Tags, Fügen Sie das erste Tag hinzu!

MARC

LEADER 00000nam a2200000 4500
001 c039301
005 20221220074031.9
041 0 |a eng 
044 |a HU 
245 1 0 |a Paradoxes in Probability Theory and Mathematical Statistics  |c Gábor J. Székely ; [Z maď. prel.] Márta Alpár, Éva Unger 
250 |a 1. ed. 
264 1 |a Budapest  |b Akadémiai Kiadó  |c 1986 
300 |a 250 s. 
100 1 |a Székely, Gábor J. 
700 1 |a Alpár, Márta 
700 1 |a Unger, Éva